[Event "PER-ch"]
[Site "Lima"]
[Date "2023.09.03"]
[Round "8"]
[White "Cornelio Argumedo, Yamil"]
[Black "Rucoba Tuanama, Denis"]
[Result "1-0"]
[WhiteElo "1788"]
[BlackElo "1577"]
[PlyCount "99"]
[EventDate "2023.08.29"]
[EventType "swiss"]
[EventRounds "9"]
[EventCountry "PER"]
[SourceTitle "CBM 216 Extra"]
[Source "ChessBase"]
[SourceDate "2023.11.30"]
[SourceVersion "1"]
[SourceVersionDate "2023.11.30"]
[SourceQuality "1"]

1. d4 d5 2. Bg5 h6 3. Bh4 c6 4. Nf3 Qb6 5. b3 Bf5 6. e3 Nd7 7. Bd3 Bxd3 8. cxd3 e6 9. 0-0 Be7 10. Bg3 Ngf6 11. Ne5 0-0 12. Nc3 Rac8 13. Bh4 Bd6 14. f4 c5 15. Na4 Qa6 16. dxc5 Bxc5 17. Nxc5 Rxc5 18. Nxd7 Nxd7 19. Be7 Rc3 20. Bxf8 Kxf8 21. Rc1 Rxc1 22. Qxc1 Qxd3 23. Qa3+ Ke8 24. Qxa7 b6 25. Qa8+ Ke7 26. Qa3+ Nc5 27. Qc1 Ne4 28. Qc7+ Ke8 29. Qxb6 Nd2 30. Re1 Qc3 31. Qb5+ Ke7 32. Qe2 Qa5 33. Rd1 Ne4 34. Qc2 Qa7 35. Rd3 Qa5 36. Kf1 g5 37. Ke2 gxf4 38. exf4 Qa7 39. Re3 f5 40. a4 Qa6+ 41. Qd3 Qd6 42. Kf3 Qa3 43. g3 Qa1 44. Kg2 d4 45. Re2 Kd6 46. Rc2 Ke7 47. a5 Qxa5 48. Qxd4 Kf7 49. b4 Qa8 50. Rc7+ 1-0

[Event "Huanuco Navidad op 1st"]
[Site "Huanuco"]
[Date "2019.12.22"]
[Round "5"]
[White "Cornelio Argumedo, Pedro Alfredo"]
[Black "Cornelio Argumedo, Yamil"]
[Result "1-0"]
[WhiteElo "1887"]
[BlackElo "1848"]
[PlyCount "65"]
[EventDate "2019.12.21"]
[EventType "swiss"]
[EventRounds "6"]
[EventCountry "PER"]
[SourceTitle "CBM 194 Extra"]
[Source "ChessBase"]
[SourceDate "2020.03.31"]
[SourceVersion "1"]
[SourceVersionDate "2020.03.31"]
[SourceQuality "1"]

1. d4 c5 2. d5 b5 3. g3 Bb7 4. Bg2 e5 5. e4 c4 6. Be3 Bc5 7. Bxc5 d6 8. Be3 Nd7 9. Ne2 Ne7 10. 0-0 Nf6 11. h3 0-0 12. Nd2 a5 13. f4 Ng6 14. f5 Ne7 15. g4 g6 16. Ng3 Ba6 17. g5 Ne8 18. f6 Nc8 19. Qg4 Nc7 20. Qh4 b4 21. Qh6 Ne8 22. c3 a4 23. Rf2 Nb6 24. h4 a3 25. Nf3 axb2 26. Rxb2 bxc3 27. Rxb6 Qc8 28. h5 Qg4 29. Kf2 Bc8 30. Rxd6 c2 31. Nh2 Qh4 32. Nf3 Qxg3+ 33. Kxg3 1-0

[Event "Huanuco Navidad op 1st"]
[Site "Huanuco"]
[Date "2019.12.22"]
[Round "4"]
[White "Cornelio Argumedo, Yamil"]
[Black "Altamirano Porras, Ricardo Enrique"]
[Result "1-0"]
[WhiteElo "1848"]
[BlackElo "2034"]
[PlyCount "93"]
[EventDate "2019.12.21"]
[EventType "swiss"]
[EventRounds "6"]
[EventCountry "PER"]
[SourceTitle "CBM 194 Extra"]
[Source "ChessBase"]
[SourceDate "2020.03.31"]
[SourceVersion "1"]
[SourceVersionDate "2020.03.31"]
[SourceQuality "1"]

1. d4 Nf6 2. Bg5 Ne4 3. Bf4 c5 4. f3 Qa5+ 5. c3 Nf6 6. d5 e6 7. e4 Qb6 8. Bc1 exd5 9. exd5 Bd6 10. g3 0-0 11. c4 Re8+ 12. Kf2 Be5 13. Qc2 d6 14. Nc3 Na6 15. a3 Bd7 16. Kg2 Re7 17. Bd3 Qa5 18. Bd2 Nb4 19. Qb1 Nxd3 20. Qxd3 Qc7 21. g4 b5 22. Nge2 bxc4 23. Qxc4 Qb7 24. Rab1 h6 25. Rhe1 Ree8 26. h3 Nh7 27. f4 Bf6 28. Kg3 Qc8 29. Ne4 Be7 30. f5 Qd8 31. Kg2 Rb8 32. a4 Bc8 33. b4 cxb4 34. Rxb4 Rxb4 35. Qxb4 Nf6 36. N2c3 Qd7 37. Bf4 Rd8 38. Qd4 Bb7 39. Bxh6 Ne8 40. Bxg7 Bh4 41. Nf6+ Nxf6 42. Bxf6 Bxe1 43. Qf4 Bxd5+ 44. Nxd5 Qc6 45. Qg5+ Kf8 46. Qg7+ Ke8 47. Qg8+ 1-0

[Event "PER-ch"]
[Site "Lima"]
[Date "2017.03.05"]
[Round "9"]
[White "Cornelio Argumedo, Yamil"]
[Black "Hepler Ramirez, Narayana"]
[Result "1-0"]
[WhiteElo "1872"]
[BlackElo "1759"]
[PlyCount "83"]
[EventDate "2017.03.01"]
[EventType "swiss"]
[EventRounds "9"]
[EventCountry "PER"]
[SourceTitle "CBM 177 Extra"]
[Source "ChessBase"]
[SourceDate "2017.04.27"]
[SourceVersion "1"]
[SourceVersionDate "2017.04.27"]
[SourceQuality "1"]

1. d4 Nf6 2. Bg5 Ne4 3. Bf4 c5 4. d5 Qb6 5. Bc1 e6 6. f3 Nf6 7. c4 exd5 8. cxd5 Bd6 9. Nc3 0-0 10. e4 Re8 11. Bd3 a6 12. Nh3 Be5 13. Bc2 Bd4 14. g4 d6 15. Nf2 c4 16. 0-0 h5 17. h3 Nbd7 18. Kg2 Ne5 19. g5 Nh7 20. f4 Ng6 21. Qxh5 Be3 22. Ng4 Nxf4+ 23. Rxf4 Bxf4 24. Bxf4 Qxb2 25. Rc1 Bxg4 26. hxg4 Qxc3 27. e5 g6 28. Bxg6 Qb2+ 29. Rc2 Qxc2+ 30. Bxc2 Nf8 31. g6 fxg6 32. Bxg6 Re7 33. e6 Nxg6 34. Qxg6+ Rg7 35. Qh5 c3 36. Bxd6 c2 37. Ba3 Rc8 38. d6 c1Q 39. Bxc1 Rxc1 40. d7 Rc2+ 41. Kf1 Rc1+ 42. Ke2 1-0